Focus sur: Regulus Black - Harry Potter - Statistiques

Statistiques générales
  • Ce quiz a été pris 481 fois
  • Le résultat moyen est 7 sur 9
Statistiques - réponses
Informations recherchées Réponses % Correct
Ecole fréquentée Poudlard
98%
Statut du sang Sang-Pur
98%
Maison fréquentée Serpentard
98%
Frère Sirius Black
97%
Surnom (initiale) R.A.B.
80%
Première mention Harry Potter et l'Ordre du Phénix
78%
Père Orion Black
57%
Mère Walburga Black
52%
Acteur l'interprétant dans les films Tom Moorcroft
19%
Aucun quiz correspondant
Distribution des résultats
% des personnes avec chaque résultat
Percentile par nombre de réponses
Votre historique - résultats
Vous n’avez pas pris ce quiz